00708nam a2200253Ia 450000100060000000300090000600800410001504000130005604000130006904100130008210000190009510000290011424500340014324500390017725000110021626000090022726000120023626000410024830000590028965000280034865000310037670000190040770000280042620001IT-RoPAU130308s9999 xx 000 0 und d aIT-RoPAU cIT-RoPAU aITALIANO aAprà Adriano gCodice Aut. SPICS: 9841 aIntervista con Francesco Rosi bTecnica e Ideologia (Bulzoni 1980) a1a ed. aROMA bBulzoni c1980 [1° Ed.: - Ed.Ling.Originale:] a"14 p. (prefazione: no ; testo: 14 [pagine: 211-224])" aTECNICA CINEMATOGRAFICA eCodice materia Spics: 6802 aMartelli Luigi gCodice Aut. SPICS: 8880